| 000 | 00625nam a2200181 a 4500 | ||
|---|---|---|---|
| 005 | 20140412111311.0 | ||
| 008 | 010330s19uu xx 00 eng d | ||
| 020 | _a0-590-93088-5 | ||
| 050 |
_aTR(GS 808.82 _bP83 1997 |
||
| 100 | _aPugliano, Carol | ||
| 245 |
_aEasy-to-read: folk and fairy tale plays / _cby Carol Pugliano. |
||
| 260 |
_aJeffersonC City. MO : _bScholastic Professional Books, _c1997. |
||
| 300 | _a56 p. | ||
| 500 | _aIncludes cross-curriculum extension activities | ||
| 520 | _aBuild literacy with reproducible plays based on classic stories. | ||
| 650 |
_aPlays _xStudy and teaching |
||
| 999 |
_c103990 _d103990 |
||